UBT Library

International law : (Record no. 41924)

000 -LEADER
fixed length control field 00671cam a2200217 a 4500
001 - CONTROL NUMBER
control field 15870554
005 - DATE AND TIME OF LATEST TRANSACTION
control field 20180206070452.0
008 - FIXED-LENGTH DATA ELEMENTS--GENERAL INFORMATION
fixed length control field 090817s2009 mnu 001 0 eng
010 ## - LIBRARY OF CONGRESS CONTROL NUMBER
LC control number 2009378239
020 ## - INTERNATIONAL STANDARD BOOK NUMBER
International Standard Book Number 9780314191281 (cloth)
020 ## - INTERNATIONAL STANDARD BOOK NUMBER
International Standard Book Number 9780314266569 (pbk. ; teacher's manual)
040 ## - CATALOGING SOURCE
Original cataloging agency DLC
Transcribing agency DLC
041 ## - LANGUAGE CODE
Language code of text/sound track or separate title eng
080 ## - UNIVERSAL DECIMAL CLASSIFICATION NUMBER
Universal Decimal Classification number 34 lor
100 ## - Rafti
Rafti 15
101 ## - Shkurtesa
Shkurtesa jur
245 00 - TITLE STATEMENT
Title International law :
Statement of responsibility, etc by Lori Fisler Damrosch ... [et al.].
906 ## - LOCAL DATA ELEMENT F, LDF (RLIN)
a 7
b cbc
c origcop
d 2
e ncip
f 20
g y-gencatlg
942 ## - ADDED ENTRY ELEMENTS (KOHA)
Source of classification or shelving scheme
Item type Books
Holdings
Withdrawn status Lost status Source of classification or shelving scheme Damaged status Not for loan Collection code Permanent location Current location Shelving location Date acquired Total Checkouts Full call number Barcode Date last seen Price effective from Koha item type
          Koleksioni i përgjithshem UBT - Lipjan UBT - Lipjan Koleksioni i përgjithshem 02/06/2018   34 lor 002-2999083 02/06/2018 02/06/2018 Books
UBT Library © 2015-2024. All rights reserved University Education for Business and Technology